चीनी पुनर्जागरण* हेसेक्ल भाषण 1933, अनु भारत भूषण (Record no. 341262)

MARC details
000 -LEADER
fixed length control field 00808nam a2200229Ia 4500
003 - CONTROL NUMBER IDENTIFIER
control field OSt
005 - DATE AND TIME OF LATEST TRANSACTION
control field 20220923220633.0
008 - FIXED-LENGTH DATA ELEMENTS--GENERAL INFORMATION
fixed length control field 220922b |||||||| |||| 00| 0 hin d
037 ## - SOURCE OF ACQUISITION
Terms of availability Textual
040 ## - CATALOGING SOURCE
Original cataloging agency ARTS
Transcribing agency ARTS
Language of cataloging hin
041 ## - LANGUAGE CODE
Source of code hin
Language code of text/sound track or separate title hin
100 ## - MAIN ENTRY--PERSONAL NAME
Personal name हू शीह
9 (RLIN) 158888
245 #0 - TITLE STATEMENT
Title चीनी पुनर्जागरण* हेसेक्ल भाषण 1933, अनु भारत भूषण
246 ## - VARYING FORM OF TITLE
Title proper/short title Chīnī punarjāgaraṇa: hesekla bhāṣhaṇ 1933, anu0 bhārat bhūṣhaṇa
260 ## - PUBLICATION, DISTRIBUTION, ETC.
Place of publication, distribution, etc. इलाहाबाद
Name of publisher, distributor, etc. किताब महल
Date of publication, distribution, etc. 1966
942 ## - ADDED ENTRY ELEMENTS (KOHA)
Classification part V41:2501:N5, 152K6
Koha item type Textual
Source of classification or shelving scheme Colon Classification (CC)
Holdings
Withdrawn status Lost status Damaged status Not for loan Home library Current library Date acquired Total Checkouts Full call number Barcode Date last seen Price effective from Koha item type
        Arts Library Arts Library 2022-09-23   V41:2501:N5 152K6 AL0265837 2022-09-23 2022-09-23 Textual
Copyright @ Delhi University Library System